| 000 | 01283cam a2200313 a 4500 | ||
|---|---|---|---|
| 999 |
_c128246 _d128246 |
||
| 001 | 2995441 | ||
| 003 | ARRUPE | ||
| 005 | 20180924122519.0 | ||
| 008 | 930428s1993 nyub b 001 0 eng | ||
| 010 | _a 93008287 | ||
| 020 |
_a0671723596 : _c$25.00 |
||
| 040 |
_aDLC _cDLC _dDLC |
||
| 043 | _af------ | ||
| 050 | 0 | 0 |
_aDT30.5 _b.H36 1993 |
| 082 | 0 | 0 |
_a960 _220 |
| 100 | 1 |
_aHarding, Jeremy. _942517 |
|
| 245 | 1 | 4 |
_aThe fate of Africa : _btrial by fire / _cJeremy Harding. |
| 260 |
_aNew York : _bSimon & Schuster, _cc1993. |
||
| 300 |
_a368 p. : _bmaps ; _c25 cm. |
||
| 500 | _a"Revised edition of Small wars, small mercies, originally published in Great Britain in 1993 by Penguin Books, Ltd."--T.p. verso. | ||
| 504 | _aIncludes bibliographical references (p. 328-343) and index. | ||
| 650 | 0 |
_aInsurgency _zAfrica _xHistory _y20th century. _932065 |
|
| 651 | 0 |
_aAfrica _xPolitics and government _y1960- _942518 |
|
| 651 | 0 |
_aAfrica _xHistory _xAutonomy and independence movements. _942519 |
|
| 651 | 0 |
_aAfrica _xHistory, Military. _96128 |
|
| 700 | 1 |
_aHarding, Jeremy. _tSmall wars, small mercies. _942520 |
|
| 906 |
_a7 _bcbc _corignew _d1 _eocip _f19 _gy-gencatlg |
||
| 942 |
_2lcc _cMONOGRAPH |
||